Top 10 Countries By Religion: Hinduism - Statistics

General Stats
  • This quiz has been taken 329 times
  • The average score is 11 of 16
Answer Stats
Type Rank Country Amount % Correct
Total 1 India 1,053,000,000
100%
Total 2 Nepal 23,500,000
96%
Total 5 Pakistan 3,626,000
92%
Total 7 United States 2,300,000
91%
Total 3 Bangladesh 14,300,000
89%
Total 6 Sri Lanka 2,671,000
84%
Total 9 United Kingdom 1,020,000
83%
Total 4 Indonesia 10,000,000
79%
Percent 6 Bhutan 22.6%
77%
Total 8 Malaysia 1,949,000
66%
Percent 4 Fiji 27.9%
50%
Total 10 Mauritius 600,000
44%
Percent 5 Guyana 24.8%
42%
Percent 7 Suriname 22.3%
41%
Percent 9 Qatar 13.8%
29%
Percent 8 Trinidad and Tobago 18.2%
29%
No matching quizzes found
Score Distribution
Percent of People with Each Score
Percentile by Number Answered
Your Score History
You have not taken this quiz